00745nam a2200229 a 4500008004100000020003100041040002500072041001300097044001100110080001200121100002600133245005000159250001300209260006500222300002700287490001900314500003700333700002600370958000600396999001700402952009600419951123s1983||||[C 0 slo c c12 Kčs. q(2500 výtl.) aSNKbslocSNKeAACR21 aslohslo axocSK a885.4-31 aDušek, Dušan4aut10aKalendárcDušan Dušek ; Dušan Nágel a1., vyd. aBratislavabSlovenský spisovateľc1983eŽilinafPravda a111 s., 5,82 AHc21 cm0 aNová próza aIlustr. na front. a predsádke.1 aNágel, Dušan4bkd aA c10292d10292 001040708Ka10000b10000d2019-11-29g12.00i09684oB 3865r2019-11-29w2019-11-29yKLDO